| 000 | 00875nas a2200289 4500 | ||
|---|---|---|---|
| 001 | BR2017000135 | ||
| 003 | BR-BrBNA | ||
| 005 | 20231205130818.0 | ||
| 007 | ta | ||
| 008 | 230509b bl.|||p| |||| 00| 00por d | ||
| 040 |
_aBR-BrBNA _bpor _cBiblioteca Nacional de Agricultura |
||
| 041 | _a(En) | ||
| 072 | _aH60 | ||
| 100 | 1 | _aAbbas, T. | |
| 100 | 1 | _aNadeem, M.A. | |
| 100 | 1 | _aTanveer, A. | |
| 100 | 1 | _aAhmad, R. | |
| 245 | 1 | _aIdentifying optimum herbicide mixtures to manage and avoid fenoxaprop-p-ethyl resistant phalaris minor in wheat | |
| 650 | _aTRIGO | ||
| 650 | _aERVA DANINHA | ||
| 650 | _aHERBICIDA | ||
| 650 | _aIDENTIFICAÇÃO | ||
| 650 | _aRESISTÊNCIA A PRODUTOS QUÍMICOS | ||
| 773 | 0 |
_tPlanta Daninha (Brazil) _xISSN 0100-8358 _g(2016), v. 34(4) p. 787-793 _wBR2017000135 |
|
| 909 |
_a202311 _bLúcia _c55 _dLúcia Elande |
||
| 942 |
_2AGRIS _n0 _cANA |
||
| 999 |
_c251404 _d251404 |
||